A quién pertenece en realidad #2 - Estadísticas

Estadísticas generales
  • Esta prueba ha sido intentada 62 veces
  • La puntuación promedio es 9 de 15
Estadísticas de respuestas
Territorio País % Correcto
Groenlandia Dinamarca
92%
Creta Grecia
83%
Ceuta España
81%
Madeira Portugal
81%
Mayotte Francia
79%
Macao China
66%
Islas Marianas del Norte Estados Unidos
64%
Svalbard Noruega
62%
Península del Sinaí Egipto
60%
Åland Finlandia
55%
Islas Cook Nueva Zelanda
53%
Bonaire Países Bajos
53%
Isla de Navidad Australia
47%
Islas de la Juventud Cuba
15%
Isla del Coco Costa Rica
8%
No se encontraron pruebas coincidentes
Distribución de puntuación
Porcentaje de gente con cada puntuación
Porcentaje por número respondido
Historial de tus puntuaciones
No has intentado esta prueba.